[Event "15th ch-EUR Indiv 2014"]
[Site "Yerevan ARM"]
[Date "2014.03.03"]
[Round "1.44"]
[White "Smirin,I"]
[Black "Beradze,I"]
[Result "1-0"]
[WhiteElo "2644"]
[BlackElo "2364"]

1.e4 c5 2.Nf3 d6 3.d4 cxd4 4.Nxd4 Nf6 5.Nc3 Nbd7 6.g3 g6 7.Bg2 Bg7 8.O-O O-O
9.Re1 a6 10.a4 Ne5 11.h3 Qb6 12.a5 Qc5 13.Nb3 Qc7 14.Bg5 Be6 15.Nd5 Bxd5
16.exd5 Rac8 17.Nd4 h6 18.Bf4 Kh7 19.b3 Qc3 20.Ra4 Rfe8 21.Bd2 Qb2 22.Bc1 Qc3
23.Re3 Qc7 24.Bb2 Ned7 25.Qe1 Bf8 26.c4 Qd8 27.Ra2 Bg7 28.Bc3 Nc5 29.Rae2 Ng8
30.h4 h5 31.Bh3 Rc7 32.Nf3 Nf6 33.Ng5+ Kg8 34.Qb1 Rf8 35.Qc2 Re8 36.b4  1-0

[Event "15th ch-EUR Indiv 2014"]
[Site "Yerevan ARM"]
[Date "2014.03.04"]
[Round "2.25"]
[White "Kotanjian,T"]
[Black "Smirin,I"]
[Result "0-1"]
[WhiteElo "2531"]
[BlackElo "2644"]

1.d4 Nf6 2.c4 g6 3.Nc3 Bg7 4.e4 d6 5.Nf3 O-O 6.Be2 Nbd7 7.O-O e5 8.Qc2 Nh5
9.Rd1 Nf4 10.Bf1 c6 11.d5 cxd5 12.cxd5 Nf6 13.Nd2 Ng4 14.h3 Nxf2 15.Kxf2 Qb6+
16.Kg3 Qg1 17.Ne2 Nh5+ 18.Kf3 Qh2 19.Kf2 f5 20.Nf3 fxe4 21.Qxe4 Bxh3 22.Bf4 Qh1
23.Ng3 Nxg3 24.Bxg3 Bf5 25.Qa4 e4 26.Bxd6 exf3 27.gxf3 Bc2 28.Be2 Bxd1 29.Rxd1 Qh3
30.Bxf8 Qh2+ 31.Kf1 Bxf8 32.d6 Bxd6 33.Qb3+ Kf8 34.Qe6 Qh1+ 35.Kf2 Qh4+ 36.Kg2 Qg5+
37.Qg4 Qe5 38.f4 Qf6 39.Qg5 Qxb2 40.Kf1 Re8 41.Bc4 Kg7 42.Qd5 Re3 43.Qd4+ Qxd4
44.Rxd4 Rf3+  0-1

[Event "15th ch-EUR Indiv 2014"]
[Site "Yerevan ARM"]
[Date "2014.03.06"]
[Round "4.2"]
[White "Najer,E"]
[Black "Smirin,I"]
[Result "1-0"]
[WhiteElo "2633"]
[BlackElo "2644"]

1.e4 c5 2.Nf3 d6 3.d4 cxd4 4.Nxd4 Nf6 5.Nc3 Nc6 6.Bg5 e6 7.Qd2 a6 8.O-O-O Bd7
9.f3 b5 10.Kb1 Be7 11.h4 O-O 12.g4 b4 13.Nce2 a5 14.Nxc6 Bxc6 15.Nd4 Bb7
16.Bb5 Qc7 17.h5 Rfc8 18.Ba4 Qd8 19.Qh2 h6 20.Bh4 Nh7 21.Nb5 d5 22.Bxe7 Qxe7
23.Nd6 Rd8 24.e5 Ng5 25.Qf2 Rxd6 26.exd6 Qxd6 27.f4 Ne4 28.Qe3 Rd8 29.Rd4 f6
30.Bb3 Nc5 31.Re1 Ba6 32.g5 a4 33.Bxa4 Nxa4 34.gxf6 Nc5 35.Rg1 Rd7 36.f5 exf5
37.Qe8+ Qf8 38.Rxg7+ Rxg7 39.Qxf8+ Kxf8 40.fxg7+ Kxg7 41.Rxd5 Ne4 42.Rxf5 Nf6
43.Kc1 Be2 44.Kd2 Bxh5 45.Rb5 Bf3 46.Rxb4 h5 47.a4 Be4 48.Rb3 Kg6 49.a5 h4
50.a6 Kg5 51.a7 Bg2 52.Ke2  1-0

[Event "15th ch-EUR Indiv 2014"]
[Site "Yerevan ARM"]
[Date "2014.03.07"]
[Round "5.25"]
[White "Smirin,I"]
[Black "Antipov,M2"]
[Result "1/2-1/2"]
[WhiteElo "2644"]
[BlackElo "2507"]

1.e4 c5 2.Nf3 d6 3.d4 cxd4 4.Nxd4 Nf6 5.Nc3 g6 6.Be3 Bg7 7.f3 O-O 8.Qd2 Nc6
9.g4 Be6 10.Nxe6 fxe6 11.O-O-O Ne5 12.Be2 Qc8 13.Bh6 Bxh6 14.Qxh6 Qc5 15.Rhf1 Rab8
16.Nb5 Nc6 17.Qd2 a6 18.Nd4 Nxd4 19.Qxd4 Qxd4 20.Rxd4 e5 21.Rc4 Rfc8 22.b4 Kf7
23.f4 exf4 24.Rxf4 g5 25.Rf5 e6 26.Rf3 Rxc4 27.Bxc4 Ke7 28.Bd3 h6 29.h3 Nd7
30.h4 Ne5 31.Rh3 Kf6 32.Be2 Rc8 33.a3 Rc7 34.hxg5+ Kxg5 35.Kd2 Rc8 36.Rh5+ Kg6
37.Rh3 Kg5 38.Rh5+ Kg6  1/2-1/2

[Event "15th ch-EUR Indiv 2014"]
[Site "Yerevan ARM"]
[Date "2014.03.08"]
[Round "6.25"]
[White "Ter Sahakyan,S"]
[Black "Smirin,I"]
[Result "0-1"]
[WhiteElo "2572"]
[BlackElo "2644"]

1.e4 c5 2.Nf3 e6 3.d4 cxd4 4.Nxd4 a6 5.Nc3 Qc7 6.Bd3 Nf6 7.Qe2 d6 8.f4 Nbd7
9.g4 g6 10.g5 Nh5 11.f5 Ne5 12.Be3 Bd7 13.Rg1 b5 14.a3 Be7 15.f6 Bd8 16.Nf3 Qb7
17.Nxe5 dxe5 18.Qf2 Bc7 19.O-O-O O-O-O 20.a4 Nf4 21.Bxf4 exf4 22.axb5 axb5
23.Qe2 Kb8 24.h4 b4 25.Nb1 Bb6 26.Rge1 Qa7 27.Qf1 e5 28.Bc4 Be3+ 29.Rxe3 Qxe3+
30.Nd2 Bg4 31.Bd5 Be2 32.Qh1 Bxd1 33.Kxd1 Rxd5 34.exd5 Rd8 35.c4 bxc3 36.bxc3 Qxc3
37.Qe4 Rd7 38.Qa4 Rxd5 39.Qe8+ Qc8 40.Qxf7 Qg4+ 41.Kc1 Qg1+ 42.Kc2 Qc5+ 43.Kd1 Qd4
44.Qe8+ Kc7 45.Qf7+ Kb6  0-1

[Event "15th ch-EUR Indiv 2014"]
[Site "Yerevan ARM"]
[Date "2014.03.10"]
[Round "7.8"]
[White "Smirin,I"]
[Black "Sargissian,G"]
[Result "1/2-1/2"]
[WhiteElo "2644"]
[BlackElo "2676"]

1.e4 e5 2.Nf3 Nc6 3.Bb5 a6 4.Ba4 Nf6 5.O-O Be7 6.Re1 b5 7.Bb3 O-O 8.d3 d6
9.c3 Na5 10.Bc2 c5 11.Nbd2 Nc6 12.Nf1 Re8 13.a4 Be6 14.h3 h6 15.Ng3 Bf8 16.d4 cxd4
17.cxd4 exd4 18.Nxd4 Nxd4 19.Qxd4 Rc8 20.Qd1 Qc7 21.Bd3 Bc4 22.axb5 axb5
23.Bf4 Bxd3 24.Qxd3 Qc2 25.Qxb5 Rb8 26.Qf5 Re6 27.e5 Qxf5 28.Nxf5 dxe5 29.Bxe5 Rb5
30.Bxf6 Rxf6 31.g4 g6 32.Re8 gxf5 33.Raa8 Kg7 34.Rxf8 Rg6 35.Rg8+ Kh7 36.Rh8+ Kg7
37.Rag8+ Kf6 38.Rb8 Rd5 39.f3 fxg4 40.hxg4 h5 41.Rxh5 Rxh5 42.Rb6+ Ke7 43.Rxg6 Rb5  1/2-1/2

[Event "15th ch-EUR Indiv 2014"]
[Site "Yerevan ARM"]
[Date "2014.03.11"]
[Round "8.5"]
[White "Smirin,I"]
[Black "Jobava,Ba"]
[Result "1-0"]
[WhiteElo "2644"]
[BlackElo "2716"]

1.e4 d6 2.d4 Nf6 3.Nc3 e5 4.Nf3 Nbd7 5.Bc4 Be7 6.O-O c6 7.a4 O-O 8.Re1 Qa5
9.Ba2 h6 10.Nh4 Re8 11.Nf5 Bf8 12.Be3 exd4 13.Qxd4 Qe5 14.f4 Qxd4 15.Bxd4 Nh5
16.e5 d5 17.Nd6 Bxd6 18.exd6 Rd8 19.Ne2 b6 20.Be5 Bb7 21.c4 c5 22.cxd5 Re8
23.Ng3 Nxg3 24.hxg3 Kf8 25.Bc4 a6 26.Bc3 Nf6 27.b4 Rxe1+ 28.Rxe1 Re8 29.Rb1 Ne4
30.Be5 cxb4 31.Rxb4 f6 32.d7 Rd8 33.Bc7 Rxd7 34.Bxb6 f5 35.g4 g6 36.a5 fxg4
37.Bd3 Nc3 38.Bc5+ Kf7 39.d6 g3 40.Rb3 Nd5 41.f5 Nf4 42.fxg6+ Kf6 43.Bd4+ Kg5
44.Be3 Rxd6 45.g7 Bd5 46.Rb4 Rf6 47.Rxf4 Rxf4 48.Bxa6  1-0

[Event "15th ch-EUR Indiv 2014"]
[Site "Yerevan ARM"]
[Date "2014.03.12"]
[Round "9.7"]
[White "Anton Guijarro,D"]
[Black "Smirin,I"]
[Result "0-1"]
[WhiteElo "2559"]
[BlackElo "2644"]

1.d4 Nf6 2.c4 g6 3.Nc3 Bg7 4.e4 d6 5.Nge2 O-O 6.Ng3 Nbd7 7.Be2 h5 8.Nf1 c6
9.Nd2 e5 10.d5 a5 11.O-O Nc5 12.b3 Bh6 13.Bf3 Nd3 14.Qc2 Nxc1 15.Raxc1 cxd5
16.exd5 Bf5 17.Qb2 e4 18.Ndxe4 Bxe4 19.Bxe4 Bxc1 20.Rxc1 Qe7 21.Bf3 Qe5 22.Qd2 Rfe8
23.Nb5 Re7 24.h3 Nd7 25.Nc7 Rc8 26.Nb5 a4 27.b4 Qf6 28.Be2 Re5 29.Bf1 h4
30.Nd4 Re4 31.Nb5 b6 32.Nc3 Rd4 33.Qb2 Ne5 34.Nxa4 Qf4 35.Nxb6 Rd2 36.Qc3 Qxf2+
37.Kh1 Re8 38.c5 Rxa2 39.Re1 Ra3 40.Qxa3 Qxe1 41.Kg1 Qd2 42.Qa4 Qe3+ 43.Kh1 Nf3
44.Qxe8+ Qxe8 45.gxf3 Qe1  0-1

[Event "15th ch-EUR Indiv 2014"]
[Site "Yerevan ARM"]
[Date "2014.03.14"]
[Round "11.7"]
[White "Smirin,I"]
[Black "Cheparinov,I"]
[Result "1/2-1/2"]
[WhiteElo "2644"]
[BlackElo "2681"]

1.e4 c5 2.Nf3 d6 3.Bb5+ Nd7 4.c3 Nf6 5.Qe2 a6 6.Ba4 b5 7.Bc2 Bb7 8.O-O g6
9.d4 Bg7 10.Rd1 Qb6 11.a4 O-O 12.Na3 cxd4 13.cxd4 d5 14.e5 Ne4 15.Be3 b4
16.Nb1 a5 17.Nbd2 f5 18.Nb3 Ba6 19.Bd3 Bxd3 20.Qxd3 f4 21.Bd2 g5 22.Be1 g4
23.Nfd2 Ng5 24.Nc5 Nxc5 25.dxc5 Qc6 26.Nb3 e6 27.Rac1 f3 28.Bd2 Ne4 29.Be3 Bxe5
30.Nd2 Bxb2 31.Nxe4 dxe4 32.Qc4 Bxc1 33.Rd6 Qxd6 34.cxd6 Bxe3 35.Qxe6+ Rf7
36.Qxe4 Rd8 37.Qxg4+ Kf8 38.fxe3 f2+ 39.Kf1 Rxd6 40.Qc8+ Kg7 41.Qg4+ Rg6
42.Qd4+ Rgf6 43.Qg4+ Kh8 44.Qd4 h6 45.h4 Kg7 46.Qg4+ Rg6 47.Qd4+ Rgf6  1/2-1/2

[Event "Karpos Open 2014"]
[Site "Skopje MKD"]
[Date "2014.03.29"]
[Round "1.4"]
[White "Smirin,I"]
[Black "Petrov,G MKD"]
[Result "1-0"]
[WhiteElo "2644"]
[BlackElo "2210"]

1.e4 e6 2.d4 d5 3.Nc3 dxe4 4.Nxe4 Nd7 5.Bd3 Ngf6 6.Qe2 Be7 7.Nxf6+ Nxf6 8.Nf3 c5
9.dxc5 Qa5+ 10.Bd2 Qxc5 11.O-O-O O-O 12.Ne5 Bd7 13.Kb1 Bc6 14.f4 Rad8 15.Rhf1 Nd7
16.Nxc6 bxc6 17.f5 e5 18.g4 h6 19.Be3 Qb4 20.c3 Qa4 21.h4 Nc5 22.f6 gxf6
23.Bc2 Qb5 24.Qxb5 cxb5 25.Bxh6 Rxd1+ 26.Rxd1 Rd8 27.Rxd8+ Bxd8 28.Be3 Bb6
29.b4 Nd7 30.Bf5 Nf8 31.Bxb6 axb6 32.c4 bxc4 33.a4 e4 34.Bxe4 Nd7 35.Kb2 Ne5
36.a5 bxa5 37.bxa5  1-0

[Event "Karpos Open 2014"]
[Site "Skopje MKD"]
[Date "2014.03.30"]
[Round "2.3"]
[White "Valsecchi,A"]
[Black "Smirin,I"]
[Result "0-1"]
[WhiteElo "2407"]
[BlackElo "2644"]

1.e4 c5 2.Nf3 e6 3.d4 cxd4 4.Nxd4 a6 5.Bd3 Nf6 6.O-O e5 7.Nb3 Nc6 8.Nc3 d6
9.Nd5 Nxd5 10.exd5 Ne7 11.f4 Nxd5 12.fxe5 dxe5 13.Qh5 Qc7 14.Bg5 Be6 15.Be4 h6
16.Rae1 Bd6 17.Kh1 Ne7 18.Bd2 Nc6 19.Bxc6+ Qxc6 20.Nd4 Qd7 21.Nxe6 Qxe6 22.Bb4 O-O
23.Bxd6 Qxd6 24.Qxe5 Qc6 25.Qe4 Qb5 26.c4 Qxb2 27.Rb1 Qxa2 28.Rxb7 Rac8 29.Ra7 Rxc4
30.Qd3 Rc6 31.h3 Rg6 32.Qe4 f5 33.Qf3 Kh7 34.g4 fxg4 35.Rxg7+ Rxg7 36.Qxf8 Qd5+
37.Kh2 g3+ 38.Kg1 Qd4+ 39.Kg2 Qd2+  0-1

[Event "Karpos Open 2014"]
[Site "Skopje MKD"]
[Date "2014.03.30"]
[Round "3.2"]
[White "Smirin,I"]
[Black "Baron,Ta"]
[Result "1-0"]
[WhiteElo "2644"]
[BlackElo "2513"]

1.c4 e6 2.Nc3 d5 3.d4 Bb4 4.a3 Bxc3+ 5.bxc3 c5 6.e3 Nc6 7.cxd5 exd5 8.Ne2 Nf6
9.Ng3 h5 10.h4 c4 11.a4 Na5 12.Ba3 Nb3 13.Ra2 Bd7 14.e4 Bxa4 15.e5 Ne4 16.Nxe4 dxe4
17.Bxc4 Qc8 18.Qe2 Bd7 19.O-O Na5 20.Bd5  1-0

[Event "Karpos Open 2014"]
[Site "Skopje MKD"]
[Date "2014.03.31"]
[Round "4.1"]
[White "Bachmann,Ax"]
[Black "Smirin,I"]
[Result "1/2-1/2"]
[WhiteElo "2575"]
[BlackElo "2644"]

1.d4 Nf6 2.c4 g6 3.Nf3 Bg7 4.Nc3 d6 5.e4 O-O 6.h3 e5 7.d5 a5 8.Bg5 Na6 9.Be2 Bd7
10.Nd2 Nc5 11.g4 a4 12.a3 c6 13.Qc2 cxd5 14.exd5 Qa5 15.O-O-O Rfc8 16.Kb1 Rab8
17.Be3 Ne8 18.f3 f5 19.gxf5 Bxf5 20.Nde4 Nf6 21.Bxc5 Rxc5 22.Bd3 Nxe4 23.fxe4 Bd7
24.Qd2 Rf8 25.h4 h5 26.Qg2 Be8 27.Rdf1 Qd8 28.Rxf8+ Bxf8 29.Be2 Bg7 30.Qh3 Bd7
31.Qg3 Kh7 32.Rg1 Qf6 33.Rf1 Qe7 34.Rg1 Qf6 35.Rf1 Qe7 36.Rg1  1/2-1/2

[Event "Karpos Open 2014"]
[Site "Skopje MKD"]
[Date "2014.04.01"]
[Round "5.3"]
[White "Smirin,I"]
[Black "Golod,V"]
[Result "1/2-1/2"]
[WhiteElo "2644"]
[BlackElo "2573"]

1.e4 e5 2.Nf3 Nc6 3.Bb5 a6 4.Ba4 Nf6 5.O-O Nxe4 6.d4 b5 7.Bb3 d5 8.dxe5 Be6
9.c3 Bc5 10.Qd3 O-O 11.Nbd2 f5 12.exf6 Nxf6 13.a4 Rb8 14.axb5 axb5 15.Ng5 Ne5
16.Qe2 Qd6 17.Nxe6 Qxe6 18.Kh1 Rfe8 19.f3 c6 20.Bc2 Qf7  1/2-1/2

[Event "Karpos Open 2014"]
[Site "Skopje MKD"]
[Date "2014.04.02"]
[Round "6.3"]
[White "Parligras,M"]
[Black "Smirin,I"]
[Result "1/2-1/2"]
[WhiteElo "2572"]
[BlackElo "2644"]

1.d4 Nf6 2.c4 g6 3.Nc3 Bg7 4.e4 d6 5.f3 O-O 6.Be3 a6 7.Qd2 b6 8.Rd1 Bd7 9.Bd3 c5
10.d5 b5 11.Bh6 Bxh6 12.Qxh6 bxc4 13.Bxc4 Bb5 14.Bb3 Qb6 15.Nh3 Nbd7 16.Nf2 Ne5
17.Rd2 a5 18.Nxb5 Qxb5 19.Bd1 Nc4 20.Be2 Qb4 21.Bxc4 Qxc4 22.a3 Rab8 23.Qe3 Nd7
24.Qe2 Nb6 25.Rc2 Qxe2+ 26.Kxe2 Na4 27.Rb1 Rb3 28.Kd2 Rfb8 29.Kc1 Re3 30.Nd1 Re1
31.Rd2 f5 32.exf5 gxf5 33.Kc2 c4 34.Rd4 Rg1 35.g3 Kf7 36.Rc1 Kf6 37.Kb1 Rxd1
38.Rcxd1 Nc3+ 39.Kc2 Nxd1 40.Rxd1 Rb3 41.f4 Rf3 42.Rd4 Rf2+ 43.Rd2 Rf3 44.Rd4 Rf2+  1/2-1/2

[Event "Karpos Open 2014"]
[Site "Skopje MKD"]
[Date "2014.04.03"]
[Round "7.6"]
[White "Smirin,I"]
[Black "Kuljasevic,D"]
[Result "1/2-1/2"]
[WhiteElo "2644"]
[BlackElo "2567"]

1.e4 e5 2.Nf3 Nc6 3.Bb5 a6 4.Ba4 Nf6 5.O-O Nxe4 6.d4 Be7 7.Re1 b5 8.Bb3 d5
9.dxe5 Be6 10.c3 O-O 11.Nd4 Nxe5 12.f3 Bh4 13.Re2 Nf2 14.Rxf2 Bxf2+ 15.Kxf2 Re8
16.Bf4 Qf6 17.Qd2 c5 18.Bg5 Qg6 19.Bc2 Qh5 20.Nxe6 Rxe6 21.Bf5 Nxf3 22.Qxd5 Rae8
23.Bxe6 Nxg5 24.Bxf7+ Qxf7+ 25.Qxf7+ Kxf7  1/2-1/2

[Event "Karpos Open 2014"]
[Site "Skopje MKD"]
[Date "2014.04.04"]
[Round "8.9"]
[White "Colovic,A"]
[Black "Smirin,I"]
[Result "0-1"]
[WhiteElo "2493"]
[BlackElo "2644"]

1.d4 Nf6 2.c4 g6 3.Nc3 Bg7 4.e4 d6 5.Nf3 O-O 6.Be2 Nbd7 7.O-O e5 8.Be3 Re8
9.d5 Nh5 10.g3 Bf8 11.Ne1 Ng7 12.Nd3 f5 13.f3 Be7 14.Qd2 Nf6 15.c5 fxe4 16.fxe4 Ng4
17.Bxg4 Bxg4 18.Rac1 Bh3 19.Rfe1 Rf8 20.Nf2 Bd7 21.Nd3 Ne8 22.Bh6 Rf7 23.Rf1 Nf6
24.cxd6 cxd6 25.Nf2 Rc8 26.Ne2 Rxc1 27.Nxc1 Qb6 28.Be3 Qa6 29.Re1 Bd8 30.Qd3 Bb5
31.Qa3 Qxa3 32.bxa3 Ba5 33.Rd1 a6 34.Nb3 Bd8 35.Rc1 Rc7 36.Rxc7 Bxc7 37.Kg2 Nd7
38.Nd1 Nb6 39.Nb2 Nc4 40.Nxc4 Bxc4 41.Bd2 Kf7 42.Kf3 b5 43.Bb4 Ke8 44.Na5 Bxa2
45.Nb7 Kd7 46.g4 h5 47.gxh5 gxh5 48.h3 Bc4 49.Kg3 h4+ 50.Kf3 Bf1 51.Be1 Bxh3  0-1

[Event "Karpos Open 2014"]
[Site "Skopje MKD"]
[Date "2014.04.05"]
[Round "9.5"]
[White "Smirin,I"]
[Black "Djukic,Ni"]
[Result "1/2-1/2"]
[WhiteElo "2644"]
[BlackElo "2551"]

1.e4 d5 2.exd5 Qxd5 3.Nc3 Qd8 4.d4 Nf6 5.Bc4 a6 6.Nf3 b5 7.Bd3 Bb7 8.Bg5 e6
9.a4 b4 10.Ne4 Nbd7 11.Qe2 Be7 12.O-O O-O 13.Rad1 Bxe4 14.Bxe4 Nxe4 15.Bxe7 Qxe7
16.Qxe4 Nf6 17.Qc6 Qd6 18.Qc4 Rac8 19.Rd2 a5 20.Qb5 Qb6 21.Ra1 Rfd8 22.c4 bxc3
23.bxc3 Ne4 24.Rc2 Nd6 25.Qd3  1/2-1/2